Изображенията на Кирил и Методий през вековете (Запис номер 109743)
[ съкратено ]
| 000 -Лидер | |
|---|---|
| Контролно поле с фиксирана дължина | 02408nam a2200505 c 4500 |
| 003 - Код на организацията, давaща контролен номер | |
| Контролно поле | BLK |
| 005 - Дата и час на последна редакция | |
| Контролно поле | 20250219163918.0 |
| 008 - Елементи от данни с фиксирана дължина | |
| fixed length control field | 180409b bul|||||r ||||||| ||bul|| |
| 010 ## - Наследен системен номер | |
| LC control number | KNG00115064000 |
| 040 ## - Източник на каталожния запис | |
| Идентификатор на билиотеката - собственик на записа | BLK |
| 041 ## - Код за език | |
| Код за езика на текст/звукозапис или на отделно заглавие | Български |
| Код за езика КДБФ | Български |
| 080 ## - УДК | |
| Текстов определител УДК | Религиозна живопис |
| УДК код - определител по УДК | 75.046 |
| УДК определител | |
| УДК - код + определител | 75.046 |
| 080 ## - УДК | |
| Текстов определител УДК | Видове скулптурни произведения по форма и предназначение - Монументална и декоративна скулптура,статуи, обелиски, бюстове, орелефи, барелефи, фризове, медалиони, кариатиди, атланти, маски, малка пласт |
| УДК код - определител по УДК | 730.027 |
| УДК определител | |
| УДК - код + определител | 730.027 |
| 100 ## - Редна дума - Автор | |
| Автор | Божков, Атанас Димитров |
| Дати, свързани с автора | 1929-1995 |
| Авторска отговорност | първи автор |
| R(LIN) | 244707 |
| 139 ## - Редно поле | |
| Редна дума | Божков, Атанас Димитров |
| Авторски знак | Божк - Б 57 |
| 245 10 - Сведения за заглавието | |
| Заглавие | Изображенията на Кирил и Методий през вековете |
| Подзаглавни данни | Моногр. |
| Редно поле (дума) | Атанас Димитров Божков. |
| 257 ## - Страна на издаване | |
| Страна на създаване/издаване | България |
| 260 ## - Област на издателските данни | |
| -- | София |
| Име на издателя, разпространителя и проч. | Наука и изкуство |
| Година на издаване | 1989 |
| 300 ## - Физическа характеристика | |
| Страници | 272 с. |
| Илюстрации и др. | с ил. |
| Размери/Мащаб | 30 см |
| 380 ## - Жанр | |
| Жанр | Изкуство |
| 500 ## - Общи забележки | |
| Забележка | Офс. изд. - 2 020 тир. - Показалци. |
| 600 14 - Име на лице, използвано като предмет | |
| За него / За нея | Кирил, славянски първоучител |
| 9 (RLIN) | 272832 |
| 600 #0 - Име на лице, използвано като предмет | |
| За него / За нея | Методий, слав. първоучител |
| 9 (RLIN) | 251014 |
| 650 #4 - Допълнително описание по предмет – тема | |
| Основно описание – тема или топоним | Просветители, български |
| 9 (RLIN) | 244645 |
| 650 #4 - Допълнително описание по предмет – тема | |
| Основно описание – тема или топоним | Стенописи, български |
| 9 (RLIN) | 247075 |
| 650 #4 - Допълнително описание по предмет – тема | |
| Основно описание – тема или топоним | Икони, български |
| 9 (RLIN) | 247074 |
| 650 #4 - Допълнително описание по предмет – тема | |
| Основно описание – тема или топоним | Скулптура, българска |
| 9 (RLIN) | 311648 |
| 650 #4 - Допълнително описание по предмет – тема | |
| Основно описание – тема или топоним | Миниатюри, български |
| 9 (RLIN) | 266085 |
| 653 ## - Ключова дума – ненормативна | |
| Ключова дума | просветители |
| 653 ## - Ключова дума – ненормативна | |
| Ключова дума | стенописи |
| 653 ## - Ключова дума – ненормативна | |
| Ключова дума | икони |
| 653 ## - Ключова дума – ненормативна | |
| Ключова дума | скулптори |
| 653 ## - Ключова дума – ненормативна | |
| Ключова дума | миниатюри |
| 653 ## - Ключова дума – ненормативна | |
| Ключова дума | религиозна живопис |
| 653 ## - Ключова дума – ненормативна | |
| Ключова дума | изобразително изкуство |
| 653 ## - Ключова дума – ненормативна | |
| Ключова дума | България |
| 653 ## - Ключова дума – ненормативна | |
| Ключова дума | Константин Кирил Философ |
| 653 ## - Ключова дума – ненормативна | |
| Ключова дума | Методий, славянски първоучител |
| 852 ## - Местоположение | |
| Форматна сигнатура | Цб ІІ 7387 |
| 856 4# - Електронен адрес и достъп | |
| Електронен формат | pdf - файл |
| Път до файла /url/ | |
| 856 4# - Електронен адрес и достъп | |
| Електронен формат | pdf - файл |
| Път до файла /url/ | |
| 942 ## - АРТИКУЛИ | |
| Вид на библиотечния материал | Книги |
| Скрит в OPAC | Не |
| Koha issues (borrowed), all copies | 1 |
| 944 ## - СЪЗДАВАНЕ И РЕДАКЦИЯ на ЗАПИСА | |
| Създаване/Редакция | Създаване |
| Дата на регистрацията/редакция | 23.09.2004 |
| Служител, извършил регистрацията/редакцията | 30560 |
| Статус, дата на статуса | Геновева Генчева |
| 944 ## - СЪЗДАВАНЕ И РЕДАКЦИЯ на ЗАПИСА | |
| Създаване/Редакция | Редакция |
| Дата на регистрацията/редакция | 26.01.2015 |
| Служител, извършил регистрацията/редакцията | Ирена_Линкова |
| 999 ## - СИСТЕМНИ КОНТРОЛНИ НОМЕРА | |
| Koha biblionumber | 109743 |
| Koha biblioitemnumber | 109743 |
| Код за отписване | Код за изгубен артикул | Източник на класификационната схема | Код за повреда | Коз за рестрикции | Код за отдаване | Артикулен № | Име на библиотеката - собственик | Име на библиотеката, в която се намира в момента | Статус (Текущо местоположение) | Дата на вписване в системата | Местоположение - отдел | Цена в лева | Инвентарен номер | Систематично азбучна сигнатура | Баркод | Номер на екземпляра | Цена в евро | Служебна бележка | Служебен тип на артикула |
|---|---|---|---|---|---|---|---|---|---|---|---|---|---|---|---|---|---|---|---|
| Изтеглен | Не е изгубен | Universal Decimal Classification | Не е повреден | без рестрикции | заемане за дома | 176834 | Регионална библиотека "Любен Каравелов" Русе | Регионална библиотека "Любен Каравелов" Русе | Отдел Изкуство - подръчен фонд | 2004-09-23 | Отдел Изкуство - подръчен фонд | 10.70 | 120000688672 | 75.04/Б 57 | 120000688672 | 1 | 5.47 | Дост: DA Вид: А N: 25 Дата: 21.09.2004 Дата инв: 16.02.2015 Бележки инв: ИП2015 | Книги |
| Не е изгубен | Universal Decimal Classification | Не е повреден | само за читалня | ползва се в читалня | 176835 | Регионална библиотека "Любен Каравелов" Русе | Регионална библиотека "Любен Каравелов" Русе | Хранилище | 1989-01-01 | Хранилище | 10.70 | 525950 | Цб ІІ 7387 | 120000525950 | 2 | 5.47 | Дост: Dp Вид: Д N: стар фонд Дата: 01.01.1989 | Книги | |
| Не е изгубен | Universal Decimal Classification | Не е повреден | без рестрикции | заемане за дома | 176836 | Регионална библиотека "Любен Каравелов" Русе | Регионална библиотека "Любен Каравелов" Русе | Отдел Изкуство - подръчен фонд | 1989-01-01 | Отдел Изкуство - подръчен фонд | 20.00 | 641943 | 75.04/Б 57 | 120000641943 | 3 | 10.23 | Дост: Pk Вид: Ф N: стар фонд Дата: 01.01.1989 Дата инв: 16.02.2015 Бележки инв: ИП2015 | Книги | |
| Не е изгубен | Universal Decimal Classification | Не е повреден | без рестрикции | заемане за дома | 176837 | Регионална библиотека "Любен Каравелов" Русе | Регионална библиотека "Любен Каравелов" Русе | Отдел Изкуство - подръчен фонд | 1989-01-01 | Отдел Изкуство - подръчен фонд | 10.70 | 538403 | 75.04/Б 57 | 120000538403 | 4 | 5.47 | Дост: Pk Вид: Ф N: стар фонд Дата: 01.01.1989 Дата инв: 07.06.2012 Бележки инв: * | Книги |